LEADER 04593oam 22005894a 450 001 9910795329103321 005 20230808210301.0 010 $a615-5513-61-9 024 7 $a10.1515/9786155513619 035 $a(CKB)4970000000000158 035 $a(MiAaPQ)EBC4832183 035 $a(OCoLC)959552378 035 $a(MdBmJHUP)muse51079 035 $a(DE-B1597)633297 035 $a(DE-B1597)9786155513619 035 $a(EXLCZ)994970000000000158 100 $a20160831d2016 uy 0 101 0 $aeng 135 $aurcnu|||||||| 181 $2rdacontent 182 $2rdamedia 183 $2rdacarrier 200 00$aTwenty-five sides of a post-communist mafia state /$feditors, Ba?lint Magyar, Ju?lia Va?sa?rhelyi 210 1$aNew York :$cCentral European University Press,$d2016. 210 3$aBaltimore, Md. :$cProject MUSE,$d2017 210 4$d©2016. 215 $a1 online resource (676 pages) $cillustrations 300 $aIncludes index. 311 1 $a615-5513-62-7 320 $aIncludes bibliographical references and index. 327 $tFrontmatter --$tTable of Contents --$tPreface --$tI --$tWhat Should I Call You? The Crisis of Hungarian Democracy in a Regional Interpretative Framework --$tThe Ideological Patchwork of the Mafia State --$tA ?Constitutional? Coup in Hungary between 2010?2014 --$tLaw under the Mafia State --$tThe Post-communist Mafia State as a Form of Criminal State --$tThe Circulation of Oligarchs --$tFrom Local Cliques to Mafia State: The Evolution of Network Corruption --$tLinks in the Chain: Patron-Client Relations in the Mafia State --$tThe Social Policy of the Mafia State and Its Impact on Social Structure --$tII --$tThe Economic Policy of the Mafia State --$tTributes Paid through Special Taxes: Populism and the Displacement of ?Aliens? --$tGetting Rich as Mission: Swapping Elites on a Family Basis --$tThe Banks of the Mafia State --$tUtility Price Cuts and Sector-Specific Taxes in Network Industries --$tCaptured by Power: The Expansion of the Paks Nuclear Power Plant --$tControlled Competition in the Agriculture --$tIII --$tWestern Social Development with an Eastern Set of Values? --$t?One Camp, One Banner?: How Fidesz Views History --$tThe Land of an Appropriated God: Sacred Political Symbols and Symbolic Political Sacrality --$tNationalism and Hegemony: Symbolic Politics and Colonization of Culture --$tThe Workings of the Media: A Brainwashing and Money-Laundering Mechanism --$tRestoring Servility in the Educational Policy --$tThe Taming of Civil Society --$tThe Opposition to the Mafia State --$tDiplomacy of the Orbán Regime --$tEpilogue --$tCapitalism After Communism --$tList of Contributors --$tIndex 330 $aThe twenty-five essays accompany, illustrate and underpin the conceptual framework elaborated in Post-Communist Mafia State, published in conjunction with this volume. Leading specialists analyze the manifestations of the current political regime in Hungary from twenty-five angles. Topics discussed include the ideology, constitutional issues, social policy, the judiciary, foreign relations, nationalism, media, memory politics, corruption, civil society, education, culture and so on. Beyond the basic features of the economy the domains of taxation, banking system, energy policies and the agriculture are treated in dedicated studies. The essays are based on detailed empirical investigation about conditions in today's Hungary. They nevertheless contribute to the exploration of the characteristic features of post-communist authoritarian regimes, shared by an increasing number of countries in Europe and Central Asia. 517 0 $a25 sides of a post-communist mafia state 606 $aDictatorship$zHungary$xHistory$y21st century 606 $aOrganized crime$zHungary$xHistory$y21st century 606 $aPolitical corruption$zHungary$xHistory$y21st century 606 $aPost-communism$zHungary$xHistory$y21st century 607 $aHungary$xPolitics and government$y1989- 610 $aConstitutions, Corruption, Political economy, Political philosophy, Political studies, Postcommunism. 615 0$aDictatorship$xHistory 615 0$aOrganized crime$xHistory 615 0$aPolitical corruption$xHistory 615 0$aPost-communism$xHistory 676 $a943.9054 702 $aVa?sa?rhelyi$b Ju?lia 702 $aMagyar$b Ba?lint 801 0$bMdBmJHUP 801 1$bMdBmJHUP 906 $aBOOK 912 $a9910795329103321 996 $aTwenty-five sides of a post-communist mafia state$93681477 997 $aUNINA LEADER 02860nim 2200469Ka 450 001 9910148784203321 005 20240912110950.6 010 $a0-310-31862-9 035 $a(CKB)3710000000922909 035 $a(BIP)057062183 035 $a(ODN)ODN0003001996 035 $a(EXLCZ)993710000000922909 100 $a20161104d2016 uy 0 101 0 $aeng 135 $auruna---||||| 181 $cspw$2rdacontent 182 $cs$2rdamedia 182 $cc$2rdamedia 183 $acr$2rdacarrier 200 14$aThe broken way $eA daring path into the abundant life. /$fAnn Voskamp 205 $aUnabridged. 210 $aGrand Rapids $cThomas Nelson$d2016 215 $a1 online resource (8 audio files) $cdigital 300 $aUnabridged. 330 $aA New York Times bestseller! Brokenness doesn't only find us in the big things?things like illness, hardship, or grief. It can find you in the everyday. Learn to walk in a way that glorifies Jesus and receive freedom, not beyond your fear and pain, but within it. We are fragile and we know it. Sometimes, living with Christ in a messed-up world feels less like victory and more like walking uphill. Ann Voskamp, the New York Times bestselling author of One Thousand Gifts, sits at the edge of her life and her own unspoken brokenness and asks: What if you really want to live abundantly before it's too late? What do you do if you really want to know abundant wholeness? This one's for the lovers and the sufferers. This one's for the busted ones who are ready to bust free, the ones ready to break molds, break chains, break measuring sticks, and break all this bad brokenness with an unlikely good brokenness. You could be one of the Beloved who is broken?and still lets yourself be loved. Ann desperately wants you to know: God is attracted to the broken, the sin-sick, and those in need The very things people are most ashamed of are the exact broken things that draw God to his people You can live in the face of your unspoken pain You can discover and trust this broken way?the way to not be afraid of broken things The Broken Way is simple in presentation, written in Ann's unique style?a new way for desperate Christians in need of a fresh revelation of the grace of God. 517 $aBroken Way, The 606 $aNonfiction$2OverDrive 606 $aChristian Nonfiction$2OverDrive 606 $aReligion & Spirituality$2OverDrive 610 $aReligion 610 $aReligious and inspirational 615 17$aNonfiction. 615 7$aChristian Nonfiction. 615 7$aReligion & Spirituality. 676 $a248.4 686 $aREL012010$aREL012040$aREL050000$2bisacsh 700 $aVoskamp$b Ann$01775103 702 $aPaul$b Jaimee$4nrt 906 $aAUDIO 912 $a9910148784203321 996 $aThe broken way$94289359 997 $aUNINA LEADER 03508nam 2200937z- 450 001 9910557793903321 005 20210501 035 $a(CKB)5400000000045449 035 $a(oapen)https://directory.doabooks.org/handle/20.500.12854/68371 035 $a(oapen)doab68371 035 $a(EXLCZ)995400000000045449 100 $a20202105d2021 |y 0 101 0 $aeng 135 $aurmn|---annan 181 $ctxt$2rdacontent 182 $cc$2rdamedia 183 $acr$2rdacarrier 200 00$aRefrigeration, Air Conditioning and Heat Pumps$eEnergy and Environmental Issues 210 $aBasel, Switzerland$cMDPI - Multidisciplinary Digital Publishing Institute$d2021 215 $a1 online resource (180 p.) 311 08$a3-03943-823-9 311 08$a3-03943-824-7 330 $aRefrigeration, air conditioning, and heat pumps (RACHP) have an important impact on the final energy uses of many sectors of modern society, such as residential, commercial, industrial, transport, and automotive. Moreover, RACHP also have an important environmental impact due to the working fluids that deplete the stratospheric ozone layer, which are being phased out according to the Montreal Protocol (1989). Last, but not least, high global working potential (GWP), working fluids (directly), and energy consumption (indirectly) are responsible for a non-negligible quota of greenhouse gas (GHG) emissions in the atmosphere, thus impacting climate change. 517 $aRefrigeration, Air Conditioning and Heat Pumps 606 $aHistory of engineering and technology$2bicssc 610 $aair conditioning 610 $aAtomic Air 610 $acascade 610 $achiller 610 $aCO2 610 $aCO2 reset 610 $acommercial refrigeration 610 $acommercial/retail refrigeration 610 $aconsumer habits 610 $adamper control 610 $ademand response (DR) 610 $ademand side management (DSM) 610 $ademand-based control 610 $adistrict cooling 610 $adomestic refrigerator 610 $aejector 610 $aenergy analysis 610 $aenergy consumption 610 $aenergy efficiency 610 $aenergy saving 610 $aenergy storage 610 $aflexibility 610 $agood practices 610 $aground source heat pump 610 $aground source heat pumps 610 $aheat pump 610 $aheat recovery 610 $ahorizontal heat exchanger 610 $ahuman well-being 610 $aHVAC 610 $aIAQ 610 $aindustrial refrigeration 610 $aliquid to compressed natural gas 610 $aLNG 610 $alow GWP refrigerants 610 $aparallel compression 610 $apressure based control 610 $aR32 610 $aR410A 610 $aR454B 610 $aR744 610 $aR744 transcritical booster 610 $astatic pressure reset 610 $asubcritical booster 610 $asurveys 610 $athermal energy storage 610 $atranscritical vapor-compression system 610 $atropical climate 610 $atwo-phase ejector 615 7$aHistory of engineering and technology 700 $aPolonara$b Fabio$4edt$0760122 702 $aPolonara$b Fabio$4oth 906 $aBOOK 912 $a9910557793903321 996 $aRefrigeration, Air Conditioning and Heat Pumps$93023934 997 $aUNINA